[Event "II Open"]
[Site "St Chely d'Aubrac FRA"]
[Date "2002.07.01"]
[Round "5"]
[White "Rabineau,C"]
[Black "Cosma,E"]
[Result "0-1"]
[WhiteElo "2111"]
[BlackElo "2359"]

1.e4 c5 2.c3 Nf6 3.e5 Nd5 4.d4 cxd4 5.cxd4 d6 6.Nf3 Nc6 7.Bc4 Nb6 8.Bb5 dxe5
9.Nxe5 Bd7 10.Nxd7 Qxd7 11.Nc3 e6 12.Be3 a6 13.Be2 Be7 14.Rc1 O-O 15.O-O Rad8
16.Bf3 Nc4 17.Ne4 b5 18.b3 Nxe3 19.fxe3 Nb4 20.Nc5 Qa7 21.a3 Nd5 22.Qd3 Bg5
23.Bxd5 Rxd5 24.Rf3 Rfd8 25.Qc3 e5 26.dxe5 Qe7 27.Ne4 Rd3 28.Qc7 Bxe3+ 29.Kf1 R3d7
30.Qc3 Bxc1 31.Rg3 Kh8 32.Rxg7 Kxg7 33.Nf6 Rd1+  0-1

[Event "23rd Open"]
[Site "Bled SLO"]
[Date "2002.07.02"]
[Round "1"]
[White "Sermek,D"]
[Black "Jelen,Ig"]
[Result "1-0"]
[WhiteElo "2603"]
[BlackElo "2365"]

1.e4 c5 2.c3 Nf6 3.e5 Nd5 4.Nf3 Nc6 5.d4 cxd4 6.cxd4 d6 7.Bc4 Nb6 8.Bb5 dxe5
9.Nxe5 Bd7 10.Nxd7 Qxd7 11.Nc3 e6 12.O-O Be7 13.Qg4 O-O 14.Bxc6 bxc6 15.Bh6 Bf6
16.Rfd1 Kh8 17.Ne4 Qe7 18.Bg5 Bxg5 19.Qxg5 Qxg5 20.Nxg5 Rac8 21.Rac1 Kg8
22.Nf3 Rfd8 23.Rd2 Nd5 24.Kf1 f6 25.Rd3 Kf7 26.Ra3 Rc7 27.Nd2 Ne7 28.Nb3 Rd5
29.Rc4 Rb5 30.Rc2 Rb4 31.Ra6 Rd7 32.g3 Rdb7 33.Re2 R4b6 34.Ra3 Nf5 35.g4 Nd6
36.Nc5 Re7 37.Rae3 Nc4 38.Rc3 Nd6 39.a3 Nb7 40.Na4 Ra6 41.Rc4 Nd6 42.Rb4 Ra5
43.Rc2 Rc7 44.Nc5 Rb5 45.Na6 Rc8 46.Ra4 Rb6 47.Nb4 Nb5 48.Rc4 Rc7 49.Ra5 Ke7
50.Rxc6 Rcxc6 51.Nxc6+ Kd6 52.Nb4 Nxd4 53.Rxa7 Nc6 54.Nxc6 Kxc6 55.b4 g5
56.Rf7  1-0

[Event "23rd Open"]
[Site "Bled SLO"]
[Date "2002.07.04"]
[Round "3"]
[White "Pavasovic,D"]
[Black "Grosar,A"]
[Result "1-0"]
[WhiteElo "2568"]
[BlackElo "2470"]

1.e4 c5 2.c3 Nf6 3.e5 Nd5 4.Nf3 Nc6 5.Bc4 Nb6 6.Bb3 c4 7.Bc2 d6 8.exd6 Qxd6
9.O-O g6 10.b3 Bg7 11.Na3 cxb3 12.axb3 Bg4 13.h3 Bxf3 14.Qxf3 O-O 15.d4 e5
16.Nb5 Qd7 17.Rd1 exd4 18.Nxd4 Nxd4 19.cxd4 f5 20.b4 Kh8 21.Ra5 Rac8 22.Bb3 a6
23.Bf4 Nc4 24.Rc5 b5 25.d5 Nd6 26.Rdc1 Rfe8  1-0

[Event "Tan Chin Nam Cup"]
[Site "Qingdao CHN"]
[Date "2002.07.05"]
[Round "4"]
[White "Nguyen Anh Dung"]
[Black "Sasikiran,K"]
[Result "1/2-1/2"]
[WhiteElo "2517"]
[BlackElo "2650"]

1.e4 c5 2.c3 Nf6 3.e5 Nd5 4.d4 cxd4 5.Nf3 Nc6 6.Bc4 Nb6 7.Bb3 d5 8.exd6 Qxd6
9.O-O Be6 10.Bxe6 Qxe6 11.Nxd4 Nxd4 12.Qxd4 Rd8 13.Qe3 Qf5 14.Nd2 e6 15.Qe4  1/2-1/2

[Event "23rd Open"]
[Site "Bled SLO"]
[Date "2002.07.06"]
[Round "5"]
[White "Pavasovic,D"]
[Black "Kozul,Z"]
[Result "1-0"]
[WhiteElo "2568"]
[BlackElo "2588"]

1.e4 c5 2.c3 Nf6 3.e5 Nd5 4.Nf3 Nc6 5.Bc4 e6 6.d4 cxd4 7.cxd4 d6 8.O-O Be7
9.Qe2 O-O 10.Qe4 a6 11.Re1 Ndb4 12.exd6 Qxd6 13.Bf4 Qd8 14.Nc3 b5 15.Bf1 f5
16.Qe2 g5 17.Be3 f4 18.Bc1 Nxd4 19.Nxd4 Qxd4 20.a4 bxa4 21.Rxa4 Rb8 22.Bd2 Qd7
23.Rd1 Qc6 24.Ra5 Qc7 25.Re5 Nc6 26.Re4 Rxb2 27.Na4 Rb8 28.Bc3 Rd8 29.Rxd8+ Bxd8
30.Rxe6 Bxe6 31.Qxe6+ Kf8 32.Nc5 Rb7 33.Bd3 Nb4 34.Qf5+ Ke8 35.Bc4 Rb6 36.Bb3 Rb5
37.Qe6+ Qe7 38.Qg8+ Qf8 39.Qe6+ Qe7 40.Qg8+ Qf8 41.Bf7+ Ke7 42.Bf6+ Kxf6
43.Qxf8  1-0

[Event "Open"]
[Site "Oberwart AUT"]
[Date "2002.07.06"]
[Round "2"]
[White "Wadsack,Wo"]
[Black "Danner,G"]
[Result "1/2-1/2"]
[WhiteElo "2165"]
[BlackElo "2369"]

1.e4 c5 2.c3 Nf6 3.e5 Nd5 4.d4 cxd4 5.cxd4 e6 6.Nf3 b6 7.Nc3 Nxc3 8.bxc3 Qc7
9.Bd2 Bb7 10.Bd3 d6 11.O-O Nd7 12.Re1 dxe5 13.Nxe5 Nxe5 14.Rxe5 Bd6 15.Bb5+ Kf8
16.Rh5 g6 17.Bh6+ Kg8 18.Qd2 Rc8 19.Rh3 Bd5 20.Re1 Qe7 21.f4 f5 22.Ba6 Rc7
23.Bg5 Qf8 24.Bh6 Qa8 25.Rhe3 Kf7 26.h4 Qd8 27.g3 Qa8 28.Kh2 Qc6 29.c4 Be4
30.Bb5 Qb7 31.d5 exd5 32.Qd4 Rg8 33.Bg5 Be7 34.Bxe7 Rxe7 35.cxd5 Rc8 36.d6 Re6
37.Bc4 Qd7 38.Bxe6+ Qxe6 39.d7 Rd8 40.R3e2 Rxd7 41.Qh8 h5 42.Rc1 Qf6 43.Qb8 Qd6
44.Qh8 Qd4 45.Qc8  1/2-1/2

[Event "Open"]
[Site "Oberwart AUT"]
[Date "2002.07.06"]
[Round "2"]
[White "Lenz,A"]
[Black "Balinov,I"]
[Result "0-1"]
[WhiteElo "2199"]
[BlackElo "2448"]

1.e4 c5 2.c3 Nf6 3.e5 Nd5 4.d4 cxd4 5.cxd4 d6 6.Nf3 Nc6 7.Bc4 Nb6 8.Bb5 dxe5
9.Nxe5 Bd7 10.Bxc6 Bxc6 11.Nxc6 bxc6 12.O-O e6 13.Nc3 Be7 14.Be3 O-O 15.Rc1 Qd6
16.Qf3 Rac8 17.Rfd1 Rfd8 18.b3 a5 19.Qe2 Ra8 20.Ne4 Qd5 21.Qc2 Rdc8 22.a4 h6
23.h3 Nd7 24.Nc3 Qh5 25.Ne2 Ba3 26.Ra1 Bd6 27.Nf4 Qh4 28.Nd3 Qe4 29.Qc3 Nf6
30.Bd2 Rcb8 31.Rab1 Nd5 32.Qc4 Nb6 33.Qc3 Nd5 34.Qc4 Ne7 35.Re1 Qf5 36.Ne5 Bxe5
37.dxe5 Rd8 38.Be3 Ng6 39.Qxc6 Nxe5 40.Qb5 Rd5 41.Qb7 Rad8 42.Bb6 R8d7 43.Qa8+ Kh7
44.Qc6 Nd3 45.Rf1 Nf4 46.Be3 g6 47.Bxf4 Qxf4 48.Qc4 Rd4 49.Qc3 R7d5 50.Qe3 Qb8
51.Qf3 Rf5 52.Qe3 Rfd5 53.Qf3 Rf5 54.Qe3 Qd6 55.Qc3 Rd3 56.Qc2 Rc5 57.Qb2 Rg5
58.Qf6 Rf5 59.Qb2 Qd5 60.Qc2 Rg5 61.f4 Rgg3 62.Rbd1 Rxd1  0-1

[Event "Open"]
[Site "Oberwart AUT"]
[Date "2002.07.07"]
[Round "3"]
[White "Petschar,K"]
[Black "Kiss,At"]
[Result "0-1"]
[WhiteElo "2301"]
[BlackElo "2399"]

1.e4 c5 2.c3 Nf6 3.e5 Nd5 4.Nf3 e6 5.d4 cxd4 6.cxd4 d6 7.Bc4 Nc6 8.O-O Be7
9.Qe2 O-O 10.Qe4 Ndb4 11.exd6 Bxd6 12.Nc3 Na5 13.Ng5 g6 14.Qh4 h5 15.Be2 Kg7
16.Bf4 Nac6 17.Rad1 Nd5 18.Bxd6 Qxd6 19.Nge4 Qd8 20.Qg3 Nde7 21.Qf4 Nf5 22.d5 e5
23.Qd2 Ncd4 24.Bd3 Re8 25.Rfe1 Bd7 26.Nc5 Nh4 27.Be2 Bg4 28.Bxg4 hxg4 29.Re3 Nhf5
30.Rd3 Rh8 31.N5e4 Qh4 32.h3 gxh3 33.g3 Qg4 34.Kh1 Rad8 35.Re1 b5 36.a3 a5
37.b4 axb4 38.axb4 Ne7 39.Qd1 Qf5 40.d6 Nc8 41.Rxd4 exd4 42.Qxd4+ f6 43.Re3 Rhe8
44.g4 Qe5 45.Nxb5 Qxd4 46.Nxd4 Nxd6 47.Nxd6 Rxe3 48.N6f5+ gxf5 49.Nxf5+ Kg6
50.Nxe3 Kg5 51.Kh2 Kh4 52.b5 Rd2 53.Kg1 Rb2 54.Nd5 Rb1+  0-1

[Event "FSIMC July"]
[Site "Budapest HUN"]
[Date "2002.07.10"]
[Round "5"]
[White "Boe,M"]
[Black "Partenheimer,A"]
[Result "1-0"]
[WhiteElo "2390"]
[BlackElo "2208"]

1.e4 c5 2.c3 Nf6 3.e5 Nd5 4.d4 cxd4 5.cxd4 e6 6.Nf3 b6 7.Bd3 Bb7 8.O-O Be7
9.a3 O-O 10.Qe2 f6 11.exf6 Nxf6 12.Nc3 Nc6 13.Ne4 Qe8 14.Bd2 Nxe4 15.Bxe4 Qh5
16.Rfe1 Bd6 17.h3 Rae8 18.Bb4 Be7 19.Bxe7 Rxe7 20.Rac1 Ref7 21.Qe3 Rf4 22.Rc3 Qb5
23.b3 Kh8 24.Qd2 Qh5 25.Rce3 Qh6 26.b4 b5 27.d5 Nd4 28.Qxd4 exd5 29.Qxa7 dxe4
30.Qxb7 exf3 31.Rxf3 Rxf3 32.Qxf3 Qd6 33.Rd1  1-0

[Event "Dutch Open"]
[Site "Dieren NED"]
[Date "2002.07.10"]
[Round "2"]
[White "'t Jong,E"]
[Black "Van der Weide,K"]
[Result "0-1"]
[WhiteElo "2117"]
[BlackElo "2403"]

1.e4 c5 2.c3 Nf6 3.e5 Nd5 4.d4 cxd4 5.Nf3 Nc6 6.cxd4 d6 7.Bc4 Nb6 8.Bb5 dxe5
9.Nxe5 Bd7 10.Bxc6 Bxc6 11.Nxc6 bxc6 12.O-O g6 13.Re1 Bg7 14.Bg5 O-O 15.Bxe7 Qxd4
16.Qxd4 Bxd4 17.Nd2 Rfe8 18.Rab1 Nd5 19.Ba3 Nf4 20.Nb3 Bb6 21.Rxe8+ Rxe8
22.Nc5 Re2 23.g3 Nh3+ 24.Kg2 Nxf2 25.Kf3 Rc2 26.h4 Rxc5 27.Bxc5 Bxc5 28.b4 Bb6
29.Rb3 f5 30.h5 Kf7 31.hxg6+ hxg6 32.Rc3 Ng4 33.Kf4 Bd4 34.Rc2 Ne5  0-1

[Event "Open"]
[Site "Oberwart AUT"]
[Date "2002.07.10"]
[Round "6"]
[White "Schmittdiel,E"]
[Black "Karner,C"]
[Result "1-0"]
[WhiteElo "2497"]
[BlackElo "2301"]

1.e4 c5 2.c3 Nf6 3.e5 Nd5 4.d4 cxd4 5.Qxd4 e6 6.Nf3 Nc6 7.Qe4 f5 8.Qe2 b6
9.g3 Be7 10.Bg2 O-O 11.O-O a5 12.c4 Ba6 13.b3 a4 14.Qd2 Nc7 15.Rd1 Qb8 16.Nc3 axb3
17.axb3 Rd8 18.Ba3 Bxa3 19.Rxa3 Bb7 20.Rda1 Rxa3 21.Rxa3 h6 22.Qe3 Ba8 23.Na4 b5
24.Nb6 bxc4 25.bxc4 Bb7 26.Rd3 Qa7 27.Rxd7 Rxd7 28.Nxd7 Qxe3 29.fxe3 Bc8
30.Nc5 g5 31.Nd3 Ba6 32.Nd2 Na5 33.Nb2 Kf8 34.Kf2 Ke7 35.Ke2 Nd5 36.Kd3 Nc6
37.e4 fxe4+ 38.Bxe4 Kd7 39.Kc2 Nde7 40.Nd3 Kc7 41.Kc3 Bb7 42.Nb3 Nf5 43.Bxc6 Bxc6
44.Nd4 Ne3 45.Nxe6+ Kc8 46.Nd4 Bg2 47.e6 h5 48.Ne5 Bh3 49.Nf7  1-0

[Event "Dutch Open"]
[Site "Dieren NED"]
[Date "2002.07.11"]
[Round "3"]
[White "Span,P"]
[Black "Algera,S"]
[Result "1-0"]
[WhiteElo "2294"]
[BlackElo "2057"]

1.e4 c5 2.c3 Nf6 3.e5 Nd5 4.g3 d6 5.exd6 e6 6.Bg2 Bxd6 7.Nf3 O-O 8.O-O Nc6
9.d4 cxd4 10.Nxd4 Nxd4 11.Qxd4 Qf6 12.Qxf6 Nxf6 13.Bg5 h6 14.Bxf6 gxf6 15.Rd1 Be7
16.Nd2 e5 17.Nc4 Bg4 18.Re1 Rad8 19.Bxb7 Be6 20.Ba6 Rd7 21.Red1 Rc7 22.Ne3 Rb8
23.Rd2 f5 24.Be2 Bg5 25.h4 Bf6 26.c4 f4 27.Nd5 Bxd5 28.cxd5 e4 29.d6 Rcb7
30.gxf4 Rxb2 31.Rad1 Bxh4 32.d7 Rxd2 33.Rxd2 Kf8 34.Bg4 Bd8 35.Rd4 Rb1+ 36.Kg2 Re1
37.Rd6 a5 38.Rxh6 Kg7 39.Rc6 Kf8 40.f5 Rb1 41.Rc8  1-0

[Event "3rd Stage Russian Cup"]
[Site "Tomsk RUS"]
[Date "2002.07.11"]
[Round "4"]
[White "Yudin,S"]
[Black "Bocharov,D"]
[Result "1-0"]
[WhiteElo "2328"]
[BlackElo "2475"]

1.e4 c5 2.c3 Nf6 3.e5 Nd5 4.Nf3 Nc6 5.d4 cxd4 6.Bc4 Nb6 7.Bb3 d6 8.exd6 Qxd6
9.O-O Be6 10.Bxe6 Qxe6 11.Nxd4 Nxd4 12.Qxd4 Rd8 13.Qh4 h5 14.h3 Qc4 15.Qg3 h4
16.Qf3 Qd5 17.Qg4 Qd7 18.Qf3 e6 19.Nd2 Be7 20.Ne4 O-O 21.Bg5 f5 22.Rad1 Qc7
23.Bxe7 Qxe7 24.Nd2 e5 25.Qe2 e4 26.Nc4 Nd5 27.Ne3 Nf4 28.Qb5 Rxd1 29.Rxd1 Qg5
30.Kf1 Nd3 31.Qxb7 Qf4 32.Rxd3 exd3 33.Qd5+ Kh8 34.Qxd3 Qe5 35.Qd5 Qe7 36.c4 Qf6
37.Qd2 Rb8 38.b3 Re8 39.Qd7 Qa1+ 40.Ke2 Qe5 41.Kd3 f4 42.Nd5 Qe2+ 43.Kc3 f3
44.gxf3 Qxf3+ 45.Kb4 Rb8+ 46.Ka3 Qxf2 47.Qg4 Qf8+ 48.Kb2 Qd8 49.Qh5+ Kg8
50.Qe5 Rb7 51.Qe6+ Kh8 52.Qf5 Rd7 53.Kc3 Rd6 54.b4 Qe8 55.b5 Qe1+ 56.Kd4 Re6
57.Qf8+ Kh7 58.Qf5+ Kg8 59.a4 Qa1+ 60.Kc5 Qg1+ 61.Kb4 Qe1+ 62.Kc5 Re5 63.Qc8+ Kh7
64.Kc6 Qe4 65.Kb7 Re7+ 66.Ka6 Qg6+ 67.b6 Rf7 68.a5 axb6 69.axb6 Qd6 70.Qg4 Qa3+
71.Kb5 Qb3+ 72.Kc6 Kg8 73.c5 Qa2 74.Qe4 Qa4+ 75.Kd6 Qa8 76.Ne7+ Kf8 77.Ng6+ Kg8
78.Ne5  1-0

[Event "Dutch Open"]
[Site "Dieren NED"]
[Date "2002.07.12"]
[Round "4"]
[White "Span,P"]
[Black "Gaponenko,I"]
[Result "1-0"]
[WhiteElo "2294"]
[BlackElo "2415"]

1.e4 c5 2.c3 Nf6 3.e5 Nd5 4.g3 Nc6 5.Bg2 Qc7 6.f4 e6 7.Qe2 g5 8.d3 gxf4 9.Bxd5 exd5
10.Bxf4 Bg7 11.e6 d6 12.exf7+ Kd8 13.Bg5+ Ne7 14.Na3 Rf8 15.O-O-O Rxf7 16.Qh5 Be6
17.Nh3 Qd7 18.Nf4 Be5 19.Nxe6+ Qxe6 20.Rhf1 Bf6 21.Kb1 Ng6 22.Rde1 Bxg5 23.Rxe6 Rxf1+
24.Kc2 Rf2+ 25.Kd1 Rf5 26.Qxh7  1-0

[Event "Dutch Open"]
[Site "Dieren NED"]
[Date "2002.07.16"]
[Round "7"]
[White "Bertholee,R"]
[Black "Bosch,Je"]
[Result "1/2-1/2"]
[WhiteElo "2379"]
[BlackElo "2442"]

1.e4 c5 2.c3 Nf6 3.e5 Nd5 4.d4 cxd4 5.Nf3 Nc6 6.Bc4 e6 7.cxd4 d6 8.O-O Be7
9.Bxd5 exd5 10.Nc3 Be6 11.Bf4 O-O 12.Nb5 dxe5 13.Nxe5 Nxe5 14.Bxe5 Qd7 15.Nc7 Rac8
16.Rc1 Bd8 17.Nxe6 Qxe6 18.Rxc8 Qxc8 19.Qd2 Qd7  1/2-1/2

[Event "TCh-POL Jun"]
[Site "Laczna POL"]
[Date "2002.07.16"]
[Round "2"]
[White "Maszota,N"]
[Black "Hermanowicz,D"]
[Result "0-1"]
[WhiteElo "2003"]
[BlackElo "2104"]

1.e4 c5 2.c3 Nf6 3.d3 e6 4.Nd2 Nc6 5.Ngf3 d5 6.Be2 Be7 7.O-O O-O 8.Qc2 Qc7
9.Re1 b6 10.Nf1 Bb7 11.Ng3 dxe4 12.dxe4 Rfd8 13.Bc4 Nd7 14.Kh1 Nce5 15.Nxe5 Nxe5
16.Be2 Ng6 17.Nh5 Bd6 18.g3 f5 19.Bf3 f4 20.Bg4 Re8 21.Qe2 Qf7 22.Bd2 Rad8
23.Rad1 Ne5 24.Nxf4 Bxe4+ 25.Qxe4 Nxg4 26.Qe2 Bxf4 27.Bxf4 Rxd1 28.Rxd1 Qh5
29.f3 Nxh2 30.Kg2 e5 31.Qc4+ Kh8 32.Qd5 Qxf3+ 33.Qxf3 Nxf3 34.Kxf3 exf4 35.Kxf4 h6
36.Rd7 Re2 37.Rxa7 Rxb2 38.Kf5 Kh7 39.Ke4 Rg2 40.Kf4 Rc2 41.Ra6 Rb2 42.Kf5 b5
43.Ra5 c4 44.Kf4 Kg6 45.a4 b4 46.cxb4 Rxb4 47.Ra6+ Kh7 48.Ke3 Rb3+ 49.Kf4 c3
50.Rc6 Rb4+ 51.Kf3 Rxa4 52.Rxc3 g6  0-1

[Event "Richard Aronow Mem"]
[Site "Philadelphia USA"]
[Date "2002.07.16"]
[Round "5"]
[White "Belorusov,M"]
[Black "Gersov,E"]
[Result "1-0"]
[WhiteElo "2293"]
[BlackElo "2351"]

1.e4 c5 2.c3 Nf6 3.e5 Nd5 4.d4 cxd4 5.Qxd4 e6 6.Nf3 Nc6 7.Qe4 f5 8.Qe2 Be7
9.g3 O-O 10.Bg2 b6 11.O-O a5 12.Re1 Ba6 13.Qd1 g5 14.Nd4 Nxd4 15.Qxd4 Qc7
16.Bxd5 exd5 17.Qxd5+ Kh8 18.e6 dxe6 19.Qxe6 Rae8 20.Qh6 Bb7 21.Be3 Bc5 22.Nd2 Bxe3
23.Rxe3 Qc6 24.Qxc6 Bxc6 25.Nc4 Rxe3 26.Nxe3 f4 27.Nc4 Rb8 28.Rd1 a4 29.Rd6 b5
30.Ne5 Be8 31.gxf4 gxf4 32.Rf6 Kg7 33.Rxf4 a3 34.bxa3 Ra8 35.a4 bxa4 36.a3 Rc8
37.Rc4 Rb8 38.Rb4 Rd8 39.c4 Rd1+ 40.Kg2 Ra1 41.c5 Rxa3 42.Rb8 Rc3 43.Rxe8 Rxc5
44.Re7+ Kf6 45.Nd7+ Kxe7 46.Nxc5 a3 47.Nb3 Ke6 48.Na1 Kd5 49.f4 Ke4 50.Kg3 Kd3
51.f5 Kc3 52.f6 Kb2 53.f7 a2 54.f8=Q Kxa1 55.Qb4 h5 56.Qc3+ Kb1 57.Kh4 a1=Q
58.Qxa1+ Kxa1 59.Kxh5  1-0

[Event "24th Politiken Cup"]
[Site "Copenhagen DEN"]
[Date "2002.07.17"]
[Round "3"]
[White "Turov,M"]
[Black "Royset,P"]
[Result "1-0"]
[WhiteElo "2518"]
[BlackElo "2252"]

1.e4 c5 2.c3 Nf6 3.e5 Nd5 4.Nf3 e6 5.Bc4 d6 6.d4 Nc6 7.O-O Nb6 8.Bd3 cxd4
9.cxd4 Nb4 10.Bg5 Be7 11.Bxe7 Qxe7 12.Nc3 Nxd3 13.Qxd3 dxe5 14.dxe5 O-O 15.Rad1 Bd7
16.Nd4 Bc6 17.Nxc6 bxc6 18.Ne4 Nd5 19.Rc1 Rfd8 20.Rfd1 a5 21.g3 h6 22.Qc4 Rab8
23.Rd2 Rb4 24.Qe2 Qc7 25.Nd6 Rdb8 26.a3 Rb3 27.Qa6 Ne7 28.Rcc2 Qb6 29.Qxb6 R3xb6
30.Nc4 Rb5 31.Rd7 Nf5 32.Kg2 Rc5 33.Rc3 Rd5 34.Ra7 Rbb5 35.a4 Rbc5 36.Rb7 Rd4
37.b3 Re4 38.Rd3 Rd4 39.Rd7 Rdd5 40.f4 g5 41.Kf3 gxf4 42.gxf4 Kf8 43.Ke4 Ke8
44.Ra7 Kf8 45.Nb6 Rxd3 46.Kxd3 Rc1 47.Rxa5 Rd1+ 48.Kc3 Rc1+ 49.Kb4 Nd4 50.Rc5 Rb1
51.Rc3 Ne2 52.Rc4 Nc1 53.Nd7+ Ke7 54.Nc5 Kd8 55.Rd4+ Kc8 56.Rd2 Ra1 57.Rd6  1-0

[Event "TCh-POL Jun"]
[Site "Laczna POL"]
[Date "2002.07.17"]
[Round "4"]
[White "Tekielak,I"]
[Black "Huchwajda,K"]
[Result "0-1"]
[WhiteElo "2083"]
[BlackElo "2071"]

1.e4 c5 2.c3 Nf6 3.e5 Nd5 4.d4 cxd4 5.cxd4 e6 6.Nf3 d6 7.Bc4 Nb6 8.Bg5 Be7
9.Bxe7 Qxe7 10.Bd3 O-O 11.O-O dxe5 12.dxe5 Bd7 13.Qe2 Bc6 14.Nd4 Bd5 15.Nc3 a6
16.Rad1 N8d7 17.Bb1 Bc4 18.Qc2 g6 19.Rfe1 Rac8 20.Qd2 Nd5 21.Rc1 Rfd8 22.b3 Nxc3
23.Qxc3 Bd5 24.Qxc8 Rxc8 25.Rxc8+ Kg7 26.f4 Qb4 27.Rd1 Nc5 28.Kf2 Qc3 29.Kf1 b6
30.Ne2 Qb2 31.g3 Bf3 32.Re1 Bxe2+ 33.Rxe2 Qxb1+ 34.Kf2 Qh1 35.Ke3 Qe4+ 36.Kd2 Qd3+
37.Ke1 Qd7 38.Ra8 Nd3+ 39.Kd1 Nxf4+ 40.Rd2 Nd5 41.Rxa6 Qb7 42.Ra3 Qc7 43.b4 Qxe5  0-1

[Event "Dutch Open"]
[Site "Dieren NED"]
[Date "2002.07.18"]
[Round "9"]
[White "Jonkman,H"]
[Black "Bertholee,R"]
[Result "1-0"]
[WhiteElo "2497"]
[BlackElo "2379"]

1.e4 c5 2.c3 Nf6 3.e5 Nd5 4.Nf3 d6 5.d4 cxd4 6.Bc4 e6 7.cxd4 Nc6 8.O-O Be7
9.Qe2 O-O 10.Qe4 Kh8 11.Rd1 f5 12.Qe2 Nb6 13.exd6 Bxd6 14.Bb3 Qf6 15.Nc3 Bd7
16.Nb5 Bb8 17.a4 Na5 18.Ba2 a6 19.Nc3 Nxa4 20.Bd2 Nb6 21.Bg5 Qg6 22.Be7 Re8
23.Bc5 Na4 24.Ba3 Nxc3 25.bxc3 Bc6 26.Re1 Bc7 27.Bb4 b5 28.Nh4 Qh6 29.g3 Nb7
30.Bxe6 Bd5 31.Bxd5 Rxe2 32.Rxe2 g5 33.Nxf5 Qb6 34.Bc5 Nxc5 35.dxc5 Qa7 36.Bxa8 Qxa8
37.Rae1 Qh1+ 38.Kxh1 Bd8 39.Re8+  1-0

[Event "Open"]
[Site "Bergen NOR"]
[Date "2002.07.20"]
[Round "1"]
[White "Myhrvold,R"]
[Black "Yakovich,Y"]
[Result "1/2-1/2"]
[WhiteElo "2193"]
[BlackElo "2586"]

1.e4 c5 2.c3 Nf6 3.e5 Nd5 4.d4 cxd4 5.cxd4 d6 6.Nf3 Nc6 7.Bc4 Nb6 8.Bb3 dxe5
9.d5 Na5 10.Nc3 Nxb3 11.Qxb3 e6 12.Nxe5 exd5 13.Be3 Bd6 14.Qb5+ Kf8 15.O-O-O Be6
16.Rhe1 Rc8 17.Kb1 g6 18.Bd4 Rg8 19.a4 Qc7 20.a5 Nc4 21.Nxc4 Qxc4 22.Rxe6 fxe6
23.Qd7 Be7 24.Qxe6 Rc6 25.Qh3 Bf6 26.Bxf6 Rxf6 27.Qxh7 d4 28.Qh6+ Rg7 29.Ne4 Rc6
30.Qh8+ Qg8 31.Qh4 Qd5 32.Qh8+ Qg8 33.Qh4  1/2-1/2

[Event "Richard Aronow Mem"]
[Site "Philadelphia USA"]
[Date "2002.07.20"]
[Round "8"]
[White "Belorusov,M"]
[Black "Kriventsov,S"]
[Result "1-0"]
[WhiteElo "2293"]
[BlackElo "2443"]

1.e4 c5 2.c3 Nf6 3.e5 Nd5 4.d4 cxd4 5.Qxd4 e6 6.Nf3 Nc6 7.Qe4 f5 8.Qe2 Be7
9.g3 O-O 10.Bg2 Qc7 11.O-O h6 12.Re1 d6 13.Nbd2 dxe5 14.Nxe5 Nxe5 15.Qxe5 Bd6
16.Qe2 f4 17.Nc4 fxg3 18.hxg3 Rxf2 19.Kxf2 Bxg3+ 20.Kf1 Bd7 21.Ne5 Rf8+ 22.Kg1 Qc5+
23.Be3 Nxe3 24.Nxd7 Qg5 25.Nxf8 Ng4 26.Qxe6+ Kh8 27.Qd5 Bf2+ 28.Kf1 Qf6 29.Ng6+ Kh7
30.Nf4 Bxe1 31.Qe4+  1-0

[Event "KB Czech Open"]
[Site "Pardubice CZE"]
[Date "2002.07.21"]
[Round "3"]
[White "Brynell,S"]
[Black "Hoerstmann,Ma"]
[Result "1-0"]
[WhiteElo "2508"]
[BlackElo "2323"]

1.e4 c5 2.c3 Nf6 3.e5 Nd5 4.d4 cxd4 5.Nf3 e6 6.cxd4 b6 7.Bd3 Ba6 8.O-O Be7
9.Nc3 Nxc3 10.bxc3 Bxd3 11.Qxd3 O-O 12.d5 exd5 13.Qxd5 Nc6 14.Rd1 Qc7 15.Bf4 Rfd8
16.Qe4 Qb7 17.Bg5 Rab8 18.Rd3 h6 19.Bf4 Na5 20.Qe2 Rbc8 21.Nd4 Bf8 22.Bxh6 d6
23.Rg3 dxe5 24.Bxg7 Bxg7 25.Nf5 f6 26.Rxg7+ Qxg7 27.Nxg7 Kxg7 28.Rd1 Rxd1+
29.Qxd1 Rxc3 30.Qd7+ Kg6 31.h4 Nc6 32.Qg4+ Kf7 33.h5 Nd4 34.Qd7+  1-0

[Event "24th Politiken Cup"]
[Site "Copenhagen DEN"]
[Date "2002.07.23"]
[Round "8"]
[White "Ekeberg,C"]
[Black "Holm,S"]
[Result "1-0"]
[WhiteElo "2213"]
[BlackElo "2321"]

1.e4 c5 2.c3 Nf6 3.e5 Nd5 4.d4 cxd4 5.Nf3 d6 6.Bc4 e6 7.cxd4 Be7 8.O-O Nc6
9.Qe2 O-O 10.Rd1 b6 11.Bxd5 exd5 12.Nc3 Be6 13.Qb5 Rc8 14.Nxd5 Bd7 15.Qd3 Bg4
16.Bf4 dxe5 17.dxe5 Bc5 18.Ng5 f5 19.exf6 g6 20.f7+ Rxf7 21.Nxf7 Kxf7 22.Rd2 Bf5
23.Qa6 g5 24.Qb7+ Kg8 25.Bc7 Na5 26.Qxa7 Qf8 27.Bxb6 Bxb6 28.Nxb6 Nc6 29.Qa4 Rd8
30.Qc4+ Qf7 31.Rxd8+ Nxd8 32.Qxf7+ Kxf7 33.a4  1-0

[Event "24th Politiken Cup"]
[Site "Copenhagen DEN"]
[Date "2002.07.23"]
[Round "8"]
[White "Greger,R"]
[Black "Kallio,H"]
[Result "1-0"]
[WhiteElo "2365"]
[BlackElo "2501"]

1.e4 c5 2.c3 Nf6 3.e5 Nd5 4.d4 cxd4 5.Nf3 Nc6 6.Bc4 Nb6 7.Bb3 g6 8.cxd4 Bg7
9.Bf4 O-O 10.O-O d6 11.exd6 exd6 12.Nc3 Bg4 13.h3 Bxf3 14.Qxf3 Qd7 15.d5 Nd4
16.Qd3 Nxb3 17.axb3 Nc8 18.Rfe1 a6 19.Ra4 b5 20.Rae4 Rb8 21.b4 Nb6 22.Re7 Qd8
23.Ra7 Qf6 24.Qg3 Nc4 25.Rxa6 Rfe8 26.Rxe8+ Rxe8 27.Be3 Qf5 28.Qf3 Nxe3 29.fxe3 Qe5
30.Qf4 Qe7 31.Nxb5 Be5 32.Qf2 f5 33.Nd4 Qb7 34.b5 Bxd4 35.exd4 Qxd5 36.Qh4 Qe6
37.Ra7 h5 38.Qg5 f4 39.Qxf4 Rf8 40.Qh6 Rf1+ 41.Kh2  1-0

[Event "24th Politiken Cup"]
[Site "Copenhagen DEN"]
[Date "2002.07.23"]
[Round "8"]
[White "Casagrande,F"]
[Black "Petkovic,P"]
[Result "0-1"]
[WhiteElo "2035"]
[BlackElo "2151"]

1.e4 c5 2.c3 Nf6 3.e5 Nd5 4.g3 e6 5.Bg2 Nc6 6.Nf3 Be7 7.O-O O-O 8.d4 cxd4
9.cxd4 b6 10.Nc3 Nxc3 11.bxc3 Ba6 12.Re1 Rc8 13.Bf1 Bxf1 14.Rxf1 Na5 15.Qd3 Qc7
16.Bg5 d5 17.exd6 Bxd6 18.Nd2 h6 19.Be3 Qxc3 20.Qb1 Qc6 21.Ne4 Be7 22.Rc1 Qb7
23.Qd3 f5 24.Nc3 Qf3 25.Qe2 Qxe2 26.Nxe2 Ba3 27.Rxc8 Rxc8 28.Nf4 Kf7 29.Re1 Bd6
30.d5 e5 31.Ne6 Rc2 32.Nd8+ Kf6 33.f4 Nc4 34.fxe5+ Nxe5 35.Bd4 Bc5 36.Ne6 Bxd4+
37.Nxd4 Rd2 38.Rxe5 Rd1+  0-1

[Event "25th Open"]
[Site "Ghent BEL"]
[Date "2002.07.23"]
[Round "7"]
[White "Croonenborghs,T"]
[Black "Kohlweyer,B"]
[Result "0-1"]
[WhiteElo "2173"]
[BlackElo "2452"]

1.e4 c5 2.c3 Nf6 3.e5 Nd5 4.d4 cxd4 5.Nf3 e6 6.cxd4 d6 7.Nc3 Nxc3 8.bxc3 Qc7
9.Bd2 Nd7 10.exd6 Bxd6 11.Bd3 b6 12.Ng5 Nf6 13.Qf3 Bb7 14.Bb5+ Ke7 15.Qh3 h6
16.Nf3 g5 17.g4 Bf4 18.Rf1 h5 19.Bxf4 Qxc3+ 20.Ke2 Qc2+  0-1

[Event "TCh-POL Jun"]
[Site "Laczna POL"]
[Date "2002.07.23"]
[Round "11"]
[White "Tekielak,I"]
[Black "Hermanowicz,D"]
[Result "1/2-1/2"]
[WhiteElo "2083"]
[BlackElo "2104"]

1.e4 c5 2.c3 Nf6 3.e5 Nd5 4.g3 e6 5.Bg2 d6 6.exd6 Bxd6 7.Nf3 O-O 8.O-O Nc6
9.d4 cxd4 10.Nxd4 Nce7 11.Nd2 a6 12.Re1 Bc5 13.N2b3 Ba7 14.Qc2 Qc7 15.Nf3 Rd8
16.a3 Bd7 17.Nbd2 Rac8 18.c4 b5 19.b3 bxc4 20.Nxc4 Bb5 21.Bf1 Nf5 22.Bb2 Nb6
23.Rac1 Nxc4 24.bxc4 Nd4 25.Bxd4 Bxd4 26.Bd3 Bc6 27.Bxh7+ Kh8 28.Be4 Bf6
29.Bxc6 Qxc6 30.Ne5 Bxe5 31.Rxe5 Kg8 32.Rh5 g6 33.Rh4 Kg7 34.Qc3+ f6 35.Rd4 e5
36.Rd3 Qe4 37.Rxd8 Rxd8 38.c5 Qc6 39.Qb4 Rc8 40.a4 Rc7 41.h4 Rb7 42.Qc4 a5
43.Qc2 Rb4 44.Ra1 Rd4 45.Qb3 Qxc5 46.Qb7+  1/2-1/2

[Event "KB Czech Open"]
[Site "Pardubice CZE"]
[Date "2002.07.23"]
[Round "5"]
[White "Brynell,S"]
[Black "Shaposhnikov,E"]
[Result "1/2-1/2"]
[WhiteElo "2508"]
[BlackElo "2532"]

1.e4 c5 2.c3 Nf6 3.e5 Nd5 4.d4 cxd4 5.Nf3 d6 6.cxd4 Nc6 7.Bc4 Nb6 8.Bb5 dxe5
9.Nxe5 Bd7 10.Nxd7 Qxd7 11.Nc3 e6 12.O-O Be7 13.Qg4 O-O 14.Bxc6 bxc6 15.Bh6 Bf6
16.Rfd1 e5 17.Qxd7 Nxd7 18.Be3 exd4 19.Bxd4 Bxd4 20.Rxd4 Nb6 21.Kf1 c5 22.Re4 Rfd8
23.Rd1 Kf8 24.Ke2 f6 25.Rd3 Kf7 26.Nb5 Rxd3 27.Kxd3 Rd8+ 28.Kc2 Rd7 29.b3 h5
30.g3 Nd5 31.a3 Nb6 32.Nc3 g6 33.Nd1 Re7 34.Rxe7+ Kxe7 35.Ne3 Ke6 36.Kd3 g5
37.Ke4 Nd5 38.Nxd5 f5+ 39.Ke3 Kxd5 40.f4 g4 41.Kd3 a5 42.a4 Kd6 43.Kc4 Kc6
44.Kc3  1/2-1/2

[Event "24th Politiken Cup"]
[Site "Copenhagen DEN"]
[Date "2002.07.24"]
[Round "9"]
[White "Richards,H"]
[Black "Christensen,E"]
[Result "1-0"]
[WhiteElo "2275"]
[BlackElo "2099"]

1.e4 c5 2.c3 Nf6 3.e5 Nd5 4.Nf3 Nc6 5.Bc4 Nb6 6.Bb3 g6 7.d4 cxd4 8.Ng5 d5
9.exd6 e6 10.Qf3 Ne5 11.Qe4 Bg7 12.O-O O-O 13.cxd4 Nec4 14.Rd1 Nxd6 15.Qd3 h6
16.Nf3 Nf5 17.Nc3 Ne7 18.Ne5 Nbd5 19.Qh3 Kh7 20.Bc2 Nf5 21.a3 b6 22.g3 Bb7
23.Ne4 Nf6 24.Bg5 Rc8 25.Ng4 Rxc2 26.Nexf6+ Bxf6 27.Nxf6+ Kh8 28.Bxh6 Qxf6
29.Bg5+ Kg7 30.Bxf6+ Kxf6 31.g4 Nd6 32.Qg3 Ne4 33.Qe5+ Ke7 34.d5 Nxf2 35.Qg5+ f6
36.Qh6 Nxd1 37.d6+ Kd7 38.Qg7+ Kc6 39.Qc7+  1-0

[Event "XVIII Open"]
[Site "Ferrol ESP"]
[Date "2002.07.24"]
[Round "8"]
[White "Lopez Rodriguez,W"]
[Black "Rodriguez Lopez,R"]
[Result "0-1"]
[WhiteElo "2068"]
[BlackElo "2273"]

1.e4 c5 2.c3 Nf6 3.e5 Nd5 4.d4 cxd4 5.Nf3 e6 6.cxd4 d6 7.Nc3 Nxc3 8.bxc3 Qc7
9.Bd2 Nd7 10.exd6 Bxd6 11.Bd3 b6 12.O-O Bb7 13.h3 O-O 14.Re1 Rac8 15.a4 Bd5
16.c4 Bxc4 17.Rc1 Bxd3 18.Rxc7 Rxc7 19.Ne5 Bc2 20.Qg4 Nf6 21.Qh4 Nd5 22.a5 b5
23.Qg4 Rfc8 24.Nxf7 Rxf7 25.Qxe6 Rd8 26.Bg5 Rd7 27.Kh1 Bf8 28.Rc1 Bf5 29.Qa6 h6
30.g4 Bd3  0-1